00677cas a2200205 i 450000500170000002000320001704000290004908200120007810000670009024500780015725000120023526000800024730000380032750400320036554600090039765000150040665000130042165000280043470000090046220251008062148.0 a9789976780864cTZS 40,000/= aMCCLbeng.eAACR 2nd ed. a657 NAT aThe National Board of Accountants and Auditors Tanzania (NBAA)10aT05 Principles of accounting and auditingb: study text- module i /cNBAA a1st ed. aDar es Salaam:bNational Board of Accountants and Auditors (NBAA),cc2014. axiv, 446p.:bcol .,ill. ;c30 cm. aInclude bibliographic index aeng. 0aAccounting 0aAuditing 7aPrinciple of accounting aNBAA